Economics : (رقم التسجيلة. 26750)
[ عرض عادي ]
| 000 -الفاتح | |
|---|---|
| حقل البيانات ثابتة الطول | 02267cam a22003498a 4500 |
| 001 - رقم الضبط | |
| رقم الضبط | 17522840 |
| 003 - محدد رقم الضبط | |
| رقم الضبط | OSt |
| 005 - وقت وتاريخ اخر تعامل مع التسجيلة | |
| رقم الضبط | 20150408114109.0 |
| 008 - عناصر البيانات ثابتة الطول - معلومات عامة | |
| حقل البيانات ثابتة الطول | 121107s2014 mau 001 0 eng |
| 010 ## - رقم ضبط مكتبة الكونجرس | |
| رقم ضبط مكتبة الكونجرس | 2012041515 |
| 020 ## - الرقم الدولى المعيارى للكتب | |
| الرقم الدولى المعيارى للكتاب | 9780132949330 |
| 020 ## - الرقم الدولى المعيارى للكتب | |
| الرقم الدولى المعيارى للكتاب | 9780132722001 |
| 020 ## - الرقم الدولى المعيارى للكتب | |
| الرقم الدولى المعيارى للكتاب | 0132949334 |
| 040 ## - مصدر الفهرسة | |
| وكالة الفهرسة الأصلية | DLC |
| وكالة النسخ | DLC |
| وكالة التعديل | DLC |
| 042 ## - رمز التحقق | |
| رمز التحقق | pcc |
| 050 00 - رقم طلب مكتبة الكونجرس | |
| رقم التصنيف | HB171.5 |
| رقم المادة | .O84 2014 |
| 082 00 - رقم تصنيف ديوى العشرى | |
| رقم التصنيف | 330 |
| رقم الطبعة | 23 |
| رقم المادة | OAE |
| 100 1# - المدخل الرئيسى - إسم شخصى | |
| الإسم الشخصى | O'Sullivan, Arthur. |
| 9 (RLIN) | 18277 |
| 245 10 - بيان العنوان | |
| العنوان | Economics : |
| بقية العنوان | principles, applications, and tools / |
| بيان المسئوليه,etc | Arthur O'Sullivan, Steven M. Sheffrin, Stephen J. Perez. |
| 250 ## - بيان الطبعة | |
| بيان الطبعة | 8th ed. |
| 260 ## - PUBLICATION, DISTRIBUTION, ETC. (IMPRINT) | |
| مكان الناشر او الموزع | Boston : |
| اسم الناشر او الموزع | Pearson Prentice Hall, |
| تاريخ النشر أو التوزيع | c2014. |
| 263 ## - تاريخ النشر المتوقع | |
| تاريخ النشر المتوقع | 1212 |
| 300 ## - الوصف المادى | |
| التعداد | p. cm. |
| 500 ## - تبصرة عامة | |
| تبصرة عامة | Includes index. |
| 505 0# - تبصرة محتويات-الفهرس | |
| تبصرة المحتويات المصاغة | Introduction : what is economics? -- The key principles of economics -- Exchange and markets -- Demand, supply and market equilibrium -- Measuring a nation¿s production and income -- Unemployment and inflation -- The economy at full employment -- Why do economies grow? -- Aggregate demand and aggregate supply -- Fiscal policy -- The income-expenditure model -- Investment and financial markets -- Money and the banking system -- The federal reserve and monetary policy -- Modern macroeconomics: from the short run to the long run -- The dynamics of inflation and unemployment -- Macroeconomic policy debates -- International trade and public policy -- The world of international finance -- Elasticity : a measure of responsiveness -- Market efficiency and government intervention -- Consumer choice : utility theory and insights from neuroscience -- Production technology and cost -- Perfect competition -- Monopoly and price discrimination -- Market entry and monopolistic competition -- Oligopoly and strategic behavior -- Controlling market power : antitrust and regulation -- Imperfect information: adverse selection and moral hazard -- Public goods and public choice -- External costs and environmental policy -- The labor market and the distribution of income. |
| 650 #0 - المدخل الاضافى بالموضوع-مصطلح موضوعى | |
| مصطلح موضوعي أو اسم جغرافي كعنصر مدخل | Economics. |
| 700 1# - المدخل الاضافى - اسم شخصى | |
| الإسم الشخصى | Sheffrin, Steven M. |
| 9 (RLIN) | 18278 |
| 700 1# - المدخل الاضافى - اسم شخصى | |
| الإسم الشخصى | Perez, Stephen J. |
| 9 (RLIN) | 18279 |
| 906 ## - عنصر بيانات محلى F, LDF (RLIN) | |
| a | 7 |
| b | cbc |
| c | orignew |
| d | 1 |
| e | ecip |
| f | 20 |
| g | y-gencatlg |
| 942 ## - عناصر المدخل الإضافي( كوها) | |
| مصدر التصنيف او مخطط الترفيف | Dewey Decimal Classification |
| Koha [default] item type | DVD |
| حالة الفقد | نموذج السعر الفعال | حالة تلف | ليس للاعارة | رقم الطلب | تاريخ الاكتساب | الموقع الحالي | الباركود | الفرع الرئيسي | Date last seen | نوع المادة فى نظام كوها | مصدر التصنيف او خطة الترفيف | Total Checkouts |
|---|---|---|---|---|---|---|---|---|---|---|---|---|
| 2013-03-10 | 330 OAE | 2012-12-31 | المكتبة المركزية بالمجمعة (CL) | 00401224 | المكتبة المركزية بالمجمعة (CL) | 2013-03-10 | كتاب | Dewey Decimal Classification | ||||
| 2013-03-10 | 330 OAE | 2013-01-01 | المكتبة المركزية بالمجمعة (CL) | 00401580 | المكتبة المركزية بالمجمعة (CL) | 2013-03-10 | كتاب | Dewey Decimal Classification | ||||
| 2013-03-10 | 330 OAE | 2013-01-01 | المكتبة المركزية بالمجمعة (CL) | 00401581 | المكتبة المركزية بالمجمعة (CL) | 2013-03-10 | كتاب | Dewey Decimal Classification |
